000 00592pab a2200205 454500
008 180718b2014 xxu||||| |||| 00| 0 eng d
100 _aBlattman, Christopher
245 _aGenerating skilled self-employment in developing countries: Experimental evidence from Uganda
260 _c2014
300 _ap.697-752.
362 _aMay
650 _aSkills development - Uganda
650 _aSelf employed - Uganda
650 _aSelf employed
700 _aMartinez, Sebastian
700 _aFiala, Nathan
773 _aQuarterly Journal of Economics
908 _aN
909 _a106253
999 _c106248
_d106248